ha-Tsaʻatsuʻim sheli. (Record no. 32531)

MARC details
000 -LEADER
fixed length control field 00526cam a22002051 4500
001 - CONTROL NUMBER
control field he 67001510
003 - CONTROL NUMBER IDENTIFIER
control field DLC
005 - DATE AND TIME OF LATEST TRANSACTION
control field 20260227111448.0
008 - FIXED-LENGTH DATA ELEMENTS--GENERAL INFORMATION
fixed length control field 840119s1966 is j 000 0 heb
010 ## - LIBRARY OF CONGRESS CONTROL NUMBER
LC control number he 67001510
035 ## - SYSTEM CONTROL NUMBER
System control number (OCoLC)19146885
040 ## - CATALOGING SOURCE
Original cataloging agency DLC
Transcribing agency MH
Modifying agency DLC
042 ## - AUTHENTICATION CODE
Authentication code premarc
050 00 - LIBRARY OF CONGRESS CALL NUMBER
Classification number PZ90.H3
Item number B534
100 1# - MAIN ENTRY--PERSONAL NAME
Personal name Biber, Yehoash,
Dates associated with a name 1937-
245 13 - TITLE STATEMENT
Title ha-Tsaʻatsuʻim sheli.
260 ## - PUBLICATION, DISTRIBUTION, ETC.
Place of publication, distribution, etc. [Tel Aviv] :
Name of publisher, distributor, etc. Masadah,
Date of publication, distribution, etc. [1966]
300 ## - PHYSICAL DESCRIPTION
Extent 53 p. :
Other physical details col. ill. ;
Dimensions 27 cm.
752 ## - ADDED ENTRY--HIERARCHICAL PLACE NAME
Country or larger entity Israel
City Tel Aviv

No items available.

Powered by Koha